[Event "MPJ C16"]
[Site "?"]
[Date "2016.03.19"]
[Round "8.9"]
[White "Choina, Michal"]
[Black "Slomczewski, Michal"]
[Result "1/2-1/2"]
[LiveChessVersion "1.4.8"]
[BlackElo "1887"]
[WhiteElo "1792"]

1. e4 {[%clk 1:29:40]} c6 {[%clk 1:30:55]} 2. d4 {[%clk 1:30:04]} d5
{[%clk 1:31:19]} 3. Nc3 {[%clk 1:30:29]} dxe4 {[%clk 1:31:44]} 4. Nxe4
{[%clk 1:30:55]} Nf6 {[%clk 1:32:10]} 5. Nxf6+ {[%clk 1:30:35]} gxf6
{[%clk 1:32:35]} 6. Bc4 {[%clk 1:29:49]} Bf5 {[%clk 1:32:32]} 7. Bf4
{[%clk 1:27:46]} e6 {[%clk 1:32:30]} 8. Ne2 {[%clk 1:27:17]} Nd7 {[%clk 1:29:09]}
9. Bd3 {[%clk 1:08:31]} Bg6 {[%clk 1:28:32]} 10. h4 {[%clk 1:07:45]} h5
{[%clk 1:27:09]} 11. Bxg6 {[%clk 1:07:38]} fxg6 {[%clk 1:27:37]} 12. Qd3
{[%clk 1:07:33]} Kf7 {[%clk 1:27:34]} 13. O-O-O {[%clk 1:04:25]} Nb6
{[%clk 1:20:30]} 14. f3 {[%clk 0:59:47]} Nd5 {[%clk 1:16:15]} 15. Bd2
{[%clk 0:58:23]} b5 {[%clk 1:06:06]} 16. g4 {[%clk 0:55:58]} Bd6 {[%clk 0:54:54]}
17. Rdg1 {[%clk 0:51:16]} f5 {[%clk 0:53:39]} 18. gxh5 {[%clk 0:48:28]} Rxh5
{[%clk 0:53:29]} 19. Bg5 {[%clk 0:42:05]} Qc7 {[%clk 0:51:53]} 20. Kb1
{[%clk 0:39:21]} Rah8 {[%clk 0:40:58]} 21. Rg2 {[%clk 0:35:51]} Bf4
{[%clk 0:30:43]} 22. Nxf4 {[%clk 0:30:14]} Nxf4 {[%clk 0:30:49]} 23. Bxf4
{[%clk 0:29:55]} Qxf4 {[%clk 0:31:08]} 24. Rhg1 {[%clk 0:23:34]} R8h6
{[%clk 0:22:47]} 25. Qc3 {[%clk 0:21:37]} Qd6 {[%clk 0:21:10]} 26. Qa5
{[%clk 0:19:51]} Qd7 {[%clk 0:21:05]} 27. Qe1 {[%clk 0:12:17]} Qd8
{[%clk 0:16:30]} 28. c3 {[%clk 0:05:35]} Rxh4 {[%clk 0:13:10]} 29. Qe5
{[%clk 0:05:51]} Rh3 {[%clk 0:09:45]} 30. f4 {[%clk 0:03:33]} Rh2
{[%clk 0:08:27]} 31. Rg3 {[%clk 0:03:23]} Rf2 {[%clk 0:06:05]} 32. Qe3
{[%clk 0:03:18]} Rhh2 {[%clk 0:04:29]} 33. Rxg6 {[%clk 0:02:33]} Rxb2+
{[%clk 0:04:52]} 34. Kc1 {[%clk 0:02:57]} Rbc2+ {[%clk 0:04:54]} 35. Kb1
{[%clk 0:03:03]} Rb2+ {[%clk 0:05:14]} 36. Kc1 {[%clk 0:03:31]} Rbc2+
{[%clk 0:05:40]} 37. Kb1 {[%clk 0:03:51]} Rb2+ {[%clk 0:06:04]} 38. Kc1 1/2-1/2

[Event "MPJ C16"]
[Site "?"]
[Date "2016.03.19"]
[Round "8.10"]
[White "Kowalski, Igor"]
[Black "Brozyna, Mateusz"]
[Result "1-0"]
[LiveChessVersion "1.4.8"]
[BlackElo "1763"]
[WhiteElo "2088"]

1. d4 {[%clk 1:30:58]} d5 {[%clk 1:30:47]} 2. c4 {[%clk 1:31:25]} e5
{[%clk 1:30:12]} 3. dxe5 {[%clk 1:31:41]} d4 {[%clk 1:30:32]} 4. Nf3
{[%clk 1:31:45]} Nc6 {[%clk 1:30:51]} 5. Bg5 {[%clk 1:27:22]} Be7
{[%clk 1:26:29]} 6. Bf4 {[%clk 1:26:09]} g5 {[%clk 1:21:04]} 7. Bc1
{[%clk 1:16:59]} g4 {[%clk 1:18:17]} 8. Nfd2 {[%clk 1:14:28]} Nxe5
{[%clk 1:15:33]} 9. g3 {[%clk 1:12:48]} c5 {[%clk 1:07:47]} 10. Bg2
{[%clk 1:12:34]} Qc7 {[%clk 1:06:38]} 11. Na3 {[%clk 1:06:19]} a6
{[%clk 0:57:28]} 12. Nb3 {[%clk 1:06:14]} Be6 {[%clk 0:50:17]} 13. Bf4
{[%clk 1:06:19]} Bd6 {[%clk 0:50:17]} 14. Nd2 {[%clk 1:04:30]} Nc6
{[%clk 0:44:41]} 15. Bxd6 {[%clk 1:01:17]} Qxd6 {[%clk 0:45:01]} 16. O-O
{[%clk 0:53:35]} Nge7 {[%clk 0:42:59]} 17. Nc2 {[%clk 0:46:56]} f5
{[%clk 0:39:59]} 18. Ne1 {[%clk 0:46:07]} Ng6 {[%clk 0:38:18]} 19. Nd3
{[%clk 0:41:02]} O-O {[%clk 0:35:57]} 20. Qa4 {[%clk 0:39:06]} Bd7
{[%clk 0:21:36]} 21. Bd5+ {[%clk 0:38:12]} Kh8 {[%clk 0:21:36]} 22. Qa3
{[%clk 0:38:26]} b6 {[%clk 0:21:29]} 23. b4 {[%clk 0:31:47]} cxb4
{[%clk 0:20:58]} 24. Qb2 {[%clk 0:30:31]} Nge7 {[%clk 0:18:39]} 25. Nf4
{[%clk 0:28:24]} Rad8 {[%clk 0:16:54]} 26. Nb3 {[%clk 0:26:50]} Qf6
{[%clk 0:15:52]} 27. Rad1 {[%clk 0:25:29]} Bc8 {[%clk 0:14:45]} 28. Nxd4
{[%clk 0:22:18]} a5 {[%clk 0:13:21]} 29. Qa1 {[%clk 0:18:01]} Nxd4
{[%clk 0:13:10]} 30. Rxd4 {[%clk 0:17:41]} Nc6 {[%clk 0:09:15]} 31. Rd2
{[%clk 0:17:26]} Qxa1 {[%clk 0:09:38]} 32. Rxa1 {[%clk 0:17:53]} Ne7
{[%clk 0:10:00]} 33. Rad1 {[%clk 0:17:39]} Rd6 {[%clk 0:09:58]} 34. Bg2
{[%clk 0:12:41]} Rxd2 {[%clk 0:10:18]} 35. Rxd2 {[%clk 0:13:05]} Kg7
{[%clk 0:09:16]} 36. Rd6 {[%clk 0:13:23]} Kf7 {[%clk 0:04:11]} 37. Rxb6
{[%clk 0:09:06]} Rd8 {[%clk 0:04:33]} 38. Nd5 {[%clk 0:08:26]} Be6
{[%clk 0:04:29]} 39. Rb5 {[%clk 0:01:40]} Rc8 {[%clk 0:02:43]} 40. Rb7
{[%clk 0:31:11]} Bxd5 {[%clk 0:30:38]} 41. Bxd5+ {[%clk 0:29:39]} Kf6
{[%clk 0:28:27]} 42. Rb6+ {[%clk 0:29:11]} Kg7 {[%clk 0:28:27]} 43. Be6
{[%clk 0:26:29]} Rc7 {[%clk 0:27:28]} 44. Ra6 {[%clk 0:16:20]} Rc5
{[%clk 0:20:59]} 45. Kf1 {[%clk 0:13:37]} Kf6 {[%clk 0:19:45]} 46. Bd7+
{[%clk 0:13:58]} Kg5 {[%clk 0:19:10]} 47. Bb5 {[%clk 0:14:12]} h5
{[%clk 0:18:37]} 48. Rxa5 {[%clk 0:14:06]} f4 {[%clk 0:18:47]} 49. Ra7
{[%clk 0:13:21]} Re5 {[%clk 0:18:14]} 50. gxf4+ {[%clk 0:11:51]} Kxf4
{[%clk 0:18:35]} 51. Ra4 {[%clk 0:12:13]} Nf5 {[%clk 0:18:29]} 52. Rxb4
{[%clk 0:12:25]} Kg5 {[%clk 0:18:51]} 53. a4 {[%clk 0:12:09]} Nd4
{[%clk 0:19:12]} 54. Rb2 {[%clk 0:10:41]} Kh4 {[%clk 0:19:35]} 55. Rd2
{[%clk 0:10:29]} Nb3 {[%clk 0:19:53]} 56. Rd3 {[%clk 0:10:08]} Na5
{[%clk 0:19:24]} 57. Rd5 {[%clk 0:09:27]} Re7 {[%clk 0:19:25]} 58. Kg2
{[%clk 0:09:02]} Rxe2 {[%clk 0:19:24]} 59. Be8 {[%clk 0:09:17]} Rxe8
{[%clk 0:19:41]} 60. Rxa5 {[%clk 0:09:42]} Rc8 {[%clk 0:20:04]} 61. c5
{[%clk 0:09:52]} Rc6 {[%clk 0:20:27]} 62. Rb5 {[%clk 0:10:08]} Kg5
{[%clk 0:20:48]} 63. Rb6 {[%clk 0:09:55]} Rc7 {[%clk 0:21:11]} 64. c6
{[%clk 0:09:10]} h4 {[%clk 0:21:16]} 65. Rb5+ {[%clk 0:08:15]} Kf4
{[%clk 0:21:36]} 66. Rb4+ {[%clk 0:08:28]} Kf5 {[%clk 0:21:51]} 67. Rc4
{[%clk 0:08:49]} Ke5 {[%clk 0:21:58]} 68. Rxg4 {[%clk 0:08:11]} Rxc6
{[%clk 0:22:22]} 69. Rxh4 {[%clk 0:08:34]} Rc3 {[%clk 0:22:33]} 70. Rb4
{[%clk 0:08:48]} Ra3 {[%clk 0:22:56]} 71. f3 {[%clk 0:09:10]} Kf5
{[%clk 0:23:20]} 72. Kg3 {[%clk 0:09:36]} Ra1 {[%clk 0:23:32]} 73. Rb5+
{[%clk 0:10:02]} Kg6 {[%clk 0:23:51]} 74. a5 {[%clk 0:08:09]} Kf6
{[%clk 0:24:04]} 75. h4 {[%clk 0:07:00]} Kg6 {[%clk 0:24:24]} 76. Kg4
{[%clk 0:06:33]} Ra4+ {[%clk 0:24:37]} 77. f4 {[%clk 0:06:57]} Ra1
{[%clk 0:25:00]} 78. Rb6+ {[%clk 0:07:22]} Kg7 {[%clk 0:25:18]} 79. a6
{[%clk 0:07:44]} Rg1+ {[%clk 0:25:25]} 80. Kf5 {[%clk 0:07:57]} Ra1
{[%clk 0:25:34]} 81. h5 {[%clk 0:05:37]} Kh7 {[%clk 0:25:58]} 82. Kf6
{[%clk 0:04:05]} Kh6 {[%clk 0:26:09]} 83. f5 {[%clk 0:04:02]} Kxh5
{[%clk 0:26:31]} 84. Kf7 {[%clk 0:04:05]} Kg5 {[%clk 0:26:32]} 85. f6
{[%clk 0:03:41]} Rc1 {[%clk 0:25:25]} 86. Kg7 {[%clk 0:03:42]} 1-0

[Event "MPJ C16"]
[Site "?"]
[Date "2016.03.19"]
[Round "8.11"]
[White "Raczynski, Krzysztof"]
[Black "Holownia, Michal"]
[Result "1-0"]
[LiveChessVersion "1.4.8"]
[BlackElo "2006"]
[WhiteElo "1978"]

1. e4 {[%clk 1:30:57]} e5 {[%clk 1:30:54]} 2. Nf3 {[%clk 1:31:19]} Nc6
{[%clk 1:31:19]} 3. Bb5 {[%clk 1:31:42]} a6 {[%clk 1:31:43]} 4. Ba4
{[%clk 1:32:03]} Nf6 {[%clk 1:32:03]} 5. O-O {[%clk 1:32:20]} b5 {[%clk 1:32:17]}
6. Bb3 {[%clk 1:32:20]} Bc5 {[%clk 1:32:25]} 7. Nxe5 {[%clk 1:14:50]} Nxe5
{[%clk 1:32:51]} 8. d4 {[%clk 1:15:07]} Bxd4 {[%clk 1:32:35]} 9. Qxd4
{[%clk 1:15:32]} d6 {[%clk 1:32:56]} 10. c3 {[%clk 1:03:58]} c5 {[%clk 1:18:34]}
11. Qd1 {[%clk 0:58:53]} O-O {[%clk 1:10:34]} 12. Bg5 {[%clk 0:51:19]} h6
{[%clk 1:08:52]} 13. Bf4 {[%clk 0:40:19]} Bb7 {[%clk 1:02:00]} 14. f3
{[%clk 0:38:14]} Re8 {[%clk 0:49:45]} 15. Nd2 {[%clk 0:27:55]} Ng6
{[%clk 0:27:02]} 16. Be3 {[%clk 0:17:48]} Qc7 {[%clk 0:26:27]} 17. Bf2
{[%clk 0:16:18]} Rad8 {[%clk 0:22:31]} 18. c4 {[%clk 0:14:33]} Ne5
{[%clk 0:17:53]} 19. Qc2 {[%clk 0:13:32]} Qe7 {[%clk 0:09:51]} 20. a4
{[%clk 0:12:03]} b4 {[%clk 0:09:25]} 21. Kh1 {[%clk 0:10:30]} Nh5
{[%clk 0:06:14]} 22. Rae1 {[%clk 0:09:35]} Nf4 {[%clk 0:06:15]} 23. Be3
{[%clk 0:09:08]} Ne6 {[%clk 0:05:29]} 24. Qb1 {[%clk 0:08:27]} Qd7
{[%clk 0:02:50]} 25. Bc2 {[%clk 0:08:14]} Nc6 {[%clk 0:02:31]} 26. Nb3
{[%clk 0:07:31]} Ne5 {[%clk 0:02:30]} 27. Nd2 {[%clk 0:07:40]} Bc6
{[%clk 0:01:36]} 28. b3 {[%clk 0:07:43]} Bb7 {[%clk 0:01:43]} 29. Bd3
{[%clk 0:07:37]} Nc6 {[%clk 0:01:17]} 30. f4 {[%clk 0:05:39]} Ned4
{[%clk 0:00:52]} 31. Qd1 {[%clk 0:05:25]} f5 {[%clk 0:01:00]} 32. Kg1
{[%clk 0:03:24]} Qf7 {[%clk 0:00:51]} 33. Qb1 {[%clk 0:03:03]} Bc8
{[%clk 0:00:57]} 34. Nf3 {[%clk 0:02:23]} Nxf3+ {[%clk 0:00:50]} 35. Rxf3
{[%clk 0:02:45]} Ne7 {[%clk 0:00:59]} 36. e5 {[%clk 0:02:09]} Nc6
{[%clk 0:00:44]} 37. exd6 {[%clk 0:01:34]} Qe6 {[%clk 0:00:37]} 38. Rff1
{[%clk 0:00:58]} Qxd6 {[%clk 0:00:34]} 39. Bxf5 {[%clk 0:01:06]} Nd4
{[%clk 0:00:40]} 40. Bxc8 {[%clk 0:30:53]} Rxc8 {[%clk 0:31:09]} 41. f5
{[%clk 0:21:48]} Qf6 {[%clk 0:27:55]} 42. Bxd4 {[%clk 0:20:15]} Qxd4+
{[%clk 0:28:07]} 43. Kh1 {[%clk 0:20:30]} Rf8 {[%clk 0:26:32]} 44. Re6
{[%clk 0:19:32]} Rcd8 {[%clk 0:25:37]} 45. Rxa6 {[%clk 0:12:26]} Qd3
{[%clk 0:25:01]} 46. f6 {[%clk 0:11:03]} Rxf6 {[%clk 0:10:03]} 47. Raxf6
{[%clk 0:10:24]} gxf6 {[%clk 0:10:28]} 48. h3 {[%clk 0:06:36]} Qxb1
{[%clk 0:10:27]} 49. Rxb1 {[%clk 0:07:05]} Kf7 {[%clk 0:10:30]} 50. Kh2
{[%clk 0:06:32]} Rd2 {[%clk 0:08:33]} 51. Ra1 {[%clk 0:06:03]} Rd6
{[%clk 0:08:52]} 52. a5 {[%clk 0:06:09]} Ra6 {[%clk 0:09:07]} 53. Kg3
{[%clk 0:06:32]} Ke6 {[%clk 0:04:15]} 54. Kf4 {[%clk 0:06:44]} f5
{[%clk 0:03:35]} 55. g3 {[%clk 0:06:15]} Kf6 {[%clk 0:03:38]} 56. g4
{[%clk 0:05:20]} fxg4 {[%clk 0:04:06]} 57. hxg4 {[%clk 0:05:22]} Ke6
{[%clk 0:03:53]} 58. Ke4 {[%clk 0:05:31]} Kd6 {[%clk 0:03:42]} 59. Ra2
{[%clk 0:02:26]} Ke6 {[%clk 0:03:09]} 60. Rh2 {[%clk 0:02:15]} Rxa5
{[%clk 0:03:32]} 61. Rxh6+ {[%clk 0:02:36]} Kf7 {[%clk 0:03:36]} 62. Kd5
{[%clk 0:02:52]} Ra3 {[%clk 0:04:01]} 63. Rh3 {[%clk 0:03:11]} Ra5
{[%clk 0:02:59]} 64. Kc6 {[%clk 0:03:16]} Kg6 {[%clk 0:03:18]} 65. Kb6
{[%clk 0:03:38]} Ra8 {[%clk 0:03:45]} 66. Kxc5 {[%clk 0:04:03]} Rb8
{[%clk 0:04:12]} 67. Rh5 1-0

[Event "MPJ C16"]
[Site "?"]
[Date "2016.03.19"]
[Round "8.12"]
[White "Domanski, Lukasz"]
[Black "Belczewski, Jacek"]
[Result "0-1"]
[LiveChessVersion "1.4.8"]
[BlackElo "1945"]
[WhiteElo "1994"]

1. e4 {[%clk 1:30:55]} e5 {[%clk 1:30:45]} 2. Nf3 {[%clk 1:31:20]} Nf6
{[%clk 1:30:46]} 3. Nxe5 {[%clk 1:31:44]} d6 {[%clk 1:31:10]} 4. Nc4
{[%clk 1:32:02]} Nxe4 {[%clk 1:30:44]} 5. Nc3 {[%clk 1:32:15]} Nxc3
{[%clk 1:29:21]} 6. bxc3 {[%clk 1:32:23]} Be7 {[%clk 1:29:14]} 7. d4
{[%clk 1:32:43]} Bf6 {[%clk 1:23:24]} 8. Bd3 {[%clk 1:28:58]} O-O
{[%clk 1:20:19]} 9. O-O {[%clk 1:27:43]} Nc6 {[%clk 1:17:08]} 10. Rb1
{[%clk 1:24:22]} Ne7 {[%clk 1:12:41]} 11. Ne3 {[%clk 1:22:05]} g6
{[%clk 1:10:06]} 12. f4 {[%clk 1:19:36]} c5 {[%clk 1:05:07]} 13. f5
{[%clk 1:16:11]} cxd4 {[%clk 1:04:23]} 14. Ng4 {[%clk 1:11:03]} Nxf5
{[%clk 0:39:13]} 15. Nxf6+ {[%clk 1:09:56]} Qxf6 {[%clk 0:39:40]} 16. g4
{[%clk 1:09:02]} dxc3 {[%clk 0:39:47]} 17. Bh6 {[%clk 1:05:54]} Qd4+
{[%clk 0:39:56]} 18. Kh1 {[%clk 1:05:26]} Nxh6 {[%clk 0:39:51]} 0-1

[Event "MPJ C16"]
[Site "?"]
[Date "2016.03.19"]
[Round "8.13"]
[White "Laszczak, Przemyslaw"]
[Black "Wyczling, Bartosz"]
[Result "0-1"]
[LiveChessVersion "1.4.8"]
[BlackElo "1959"]
[WhiteElo "1870"]

1. d4 {[%clk 1:30:54]} f5 {[%clk 1:30:38]} 2. c4 {[%clk 1:29:54]} Nf6
{[%clk 1:31:02]} 3. Bg5 {[%clk 1:28:05]} Ne4 {[%clk 1:29:30]} 4. Bh4
{[%clk 1:25:58]} g6 {[%clk 1:25:50]} 5. e3 {[%clk 1:20:19]} Bg7 {[%clk 1:24:42]}
6. Bd3 {[%clk 1:15:34]} Nf6 {[%clk 1:21:10]} 7. Bxf6 {[%clk 1:11:19]} Bxf6
{[%clk 1:21:33]} 8. h4 {[%clk 1:11:21]} h5 {[%clk 1:16:08]} 9. Qf3
{[%clk 1:03:45]} d6 {[%clk 1:09:03]} 10. e4 {[%clk 0:46:42]} Bxd4
{[%clk 0:58:17]} 11. exf5 {[%clk 0:46:41]} gxf5 {[%clk 0:42:30]} 12. Bxf5
{[%clk 0:46:34]} Bxf5 {[%clk 0:36:49]} 13. Qxf5 {[%clk 0:46:50]} Qd7
{[%clk 0:35:16]} 14. Qxd7+ {[%clk 0:35:44]} Nxd7 {[%clk 0:35:39]} 15. Nd2
{[%clk 0:35:15]} Bxb2 {[%clk 0:34:48]} 16. Rb1 {[%clk 0:35:35]} Bd4
{[%clk 0:35:11]} 17. Ne2 {[%clk 0:34:59]} Bb6 {[%clk 0:35:17]} 18. Ne4
{[%clk 0:32:31]} Ne5 {[%clk 0:34:56]} 19. O-O {[%clk 0:30:54]} Nxc4
{[%clk 0:33:50]} 20. Nf4 {[%clk 0:30:30]} Kd7 {[%clk 0:30:51]} 21. Rfc1
{[%clk 0:29:37]} Ne5 {[%clk 0:30:30]} 22. g3 {[%clk 0:26:52]} Raf8
{[%clk 0:26:23]} 23. Nd5 {[%clk 0:24:05]} Nc6 {[%clk 0:23:30]} 24. a4
{[%clk 0:23:23]} Rf5 {[%clk 0:23:03]} 25. Rb5 {[%clk 0:22:09]} Nd4
{[%clk 0:21:35]} 26. Nxb6+ {[%clk 0:22:15]} axb6 {[%clk 0:21:56]} 27. Rb2
{[%clk 0:21:48]} Ra8 {[%clk 0:21:18]} 28. Rc4 {[%clk 0:21:04]} Nf3+
{[%clk 0:20:40]} 29. Kg2 {[%clk 0:21:09]} d5 {[%clk 0:18:57]} 0-1

[Event "MPJ C16"]
[Site "?"]
[Date "2016.03.19"]
[Round "8.14"]
[White "Kubiak, Jakub"]
[Black "Sernecki, Franciszek"]
[Result "1-0"]
[LiveChessVersion "1.4.8"]
[BlackElo "1884"]
[WhiteElo "1911"]

1. e4 {[%clk 1:30:54]} c5 {[%clk 1:30:58]} 2. Nf3 {[%clk 1:31:08]} e6
{[%clk 1:31:25]} 3. d4 {[%clk 1:31:29]} cxd4 {[%clk 1:31:53]} 4. Nxd4
{[%clk 1:31:50]} a6 {[%clk 1:32:22]} 5. Bd3 {[%clk 1:32:07]} Qc7 {[%clk 1:32:39]}
6. O-O {[%clk 1:31:32]} Nc6 {[%clk 1:33:01]} 7. Nxc6 {[%clk 1:31:42]} bxc6
{[%clk 1:33:12]} 8. Qe2 {[%clk 1:30:52]} d5 {[%clk 1:29:23]} 9. Nc3
{[%clk 1:30:30]} Be7 {[%clk 1:17:48]} 10. Rd1 {[%clk 1:21:09]} Nf6
{[%clk 1:10:05]} 11. b3 {[%clk 1:19:46]} O-O {[%clk 1:07:00]} 12. Bb2
{[%clk 1:19:24]} a5 {[%clk 1:03:59]} 13. Na4 {[%clk 1:15:03]} Rd8
{[%clk 0:45:05]} 14. c4 {[%clk 1:06:01]} dxe4 {[%clk 0:29:38]} 15. Bxe4
{[%clk 1:06:06]} Nxe4 {[%clk 0:24:59]} 16. Qxe4 {[%clk 1:05:38]} Ba6
{[%clk 0:15:40]} 17. Bd4 {[%clk 0:47:17]} c5 {[%clk 0:10:01]} 18. Be5
{[%clk 0:44:24]} Rxd1+ {[%clk 0:09:24]} 19. Rxd1 {[%clk 0:44:32]} Rd8
{[%clk 0:09:52]} 20. Re1 {[%clk 0:42:02]} Bd6 {[%clk 0:09:01]} 21. Bxd6
{[%clk 0:39:35]} Qxd6 {[%clk 0:08:32]} 22. Qe3 {[%clk 0:38:38]} Rc8
{[%clk 0:07:08]} 23. Qc3 {[%clk 0:37:10]} Qc7 {[%clk 0:03:07]} 24. Qe5
{[%clk 0:34:11]} Kf8 {[%clk 0:01:48]} 25. Qxc7 {[%clk 0:32:36]} Rxc7
{[%clk 0:02:17]} 26. Re5 {[%clk 0:32:32]} Rd7 {[%clk 0:02:09]} 27. f3
{[%clk 0:32:07]} Rd2 {[%clk 0:00:48]} 28. Rxc5 {[%clk 0:28:23]} Rxa2
{[%clk 0:00:39]} 29. Rc6 {[%clk 0:28:01]} Bb7 {[%clk 0:01:05]} 30. Rb6
{[%clk 0:28:23]} 1-0

[Event "MPJ C16"]
[Site "?"]
[Date "2016.03.19"]
[Round "8.16"]
[White "Tamon, Radoslaw"]
[Black "Poplawski, Maciej"]
[Result "1-0"]
[LiveChessVersion "1.4.8"]
[BlackElo "1856"]
[WhiteElo "1925"]

1. e4 {[%clk 1:30:56]} d6 {[%clk 1:30:35]} 2. d4 {[%clk 1:31:14]} Nf6
{[%clk 1:30:51]} 3. Nc3 {[%clk 1:31:26]} c6 {[%clk 1:31:17]} 4. Be3
{[%clk 1:30:33]} Qc7 {[%clk 1:31:13]} 5. h3 {[%clk 1:30:49]} Nbd7
{[%clk 1:30:33]} 6. Qf3 {[%clk 1:31:06]} e5 {[%clk 1:28:42]} 7. O-O-O
{[%clk 1:28:16]} b5 {[%clk 1:27:55]} 8. g4 {[%clk 1:25:36]} h6 {[%clk 1:18:40]}
9. Qg2 {[%clk 1:16:01]} Qa5 {[%clk 1:14:46]} 10. f4 {[%clk 1:05:59]} b4
{[%clk 1:12:31]} 11. Nb1 {[%clk 1:06:19]} Qxa2 {[%clk 1:10:31]} 12. dxe5
{[%clk 1:03:30]} dxe5 {[%clk 1:10:34]} 13. fxe5 {[%clk 1:00:17]} Nxe5
{[%clk 1:10:36]} 14. Bd4 {[%clk 0:59:40]} Qe6 {[%clk 1:06:38]} 15. Nf3
{[%clk 0:53:02]} Bd6 {[%clk 1:01:10]} 16. Nbd2 {[%clk 0:52:37]} Nfd7
{[%clk 0:49:34]} 17. Bxe5 {[%clk 0:48:22]} Nxe5 {[%clk 0:48:52]} 18. Nd4
{[%clk 0:48:12]} Qf6 {[%clk 0:42:47]} 19. Nc4 {[%clk 0:48:00]} Bc7
{[%clk 0:41:49]} 20. Be2 {[%clk 0:46:16]} Bb7 {[%clk 0:38:42]} 21. Rhf1
{[%clk 0:43:04]} Qg5+ {[%clk 0:39:03]} 22. Kb1 {[%clk 0:43:19]} O-O-O
{[%clk 0:39:12]} 23. Nxe5 {[%clk 0:36:35]} Bxe5 {[%clk 0:36:30]} 24. Nf3
{[%clk 0:36:10]} Qe7 {[%clk 0:33:12]} 25. Nxe5 {[%clk 0:36:15]} Qxe5
{[%clk 0:31:57]} 26. Rxf7 {[%clk 0:34:44]} c5 {[%clk 0:31:39]} 27. Qf1
{[%clk 0:34:34]} g6 {[%clk 0:18:45]} 28. Rxd8+ {[%clk 0:33:11]} Rxd8
{[%clk 0:18:33]} 29. Ba6 {[%clk 0:31:59]} Rd7 {[%clk 0:17:28]} 30. Rxd7
{[%clk 0:32:00]} Bxa6 {[%clk 0:17:11]} 31. Qd1 {[%clk 0:31:39]} Bb5
{[%clk 0:16:54]} 32. Qd6 {[%clk 0:26:47]} 1-0

[Event "MPJ C16"]
[Site "?"]
[Date "2016.03.19"]
[Round "8.17"]
[White "Dryja, Szymon"]
[Black "Trendowski, Michal"]
[Result "1/2-1/2"]
[LiveChessVersion "1.4.8"]
[BlackElo "1807"]
[WhiteElo "1774"]

1. e4 c5 2. Nf3 e6 3. d4 cxd4 4. Nxd4 Nc6 5. Nc3 Nf6 6. Be2 Bb4 7. f3 d5 8. Bg5
Qa5 9. Qd2 dxe4 10. Bxf6 gxf6 11. a3 Nxd4 12. Qxd4 Bxc3+ 13. bxc3 Bd7 14. fxe4 e5
15. Qb4 Qxb4 16. cxb4 f5 17. Bd3 fxe4 18. Bxe4 a5 19. O-O Ke7 20. Bxb7 Rab8 21.
Bd5 Be6 22. Bxe6 Kxe6 23. Rab1 axb4 24. Rxb4 Rxb4 25. axb4 Rc8 26. Rc1 Kd5 27. c3
Kc4 28. Kf2 f5 29. g3 Kd3 30. Ke1 Ra8 31. c4 Ra2 32. Kf1 Rxh2 33. Kg1 Rb2 34. b5
e4 35. c5 Rxb5 36. c6 Rb8 37. c7 Rc8 38. Rc6 Ke3 39. Kg2 h5 40. Rc3+ Kd4 41. Rc1
Ke3 42. Rc3+ Kd4 43. Rc1 h4 44. gxh4 Ke5 45. Kg3 f4+ 46. Kf2 1/2-1/2

[Event "MPJ C16"]
[Site "?"]
[Date "2016.03.19"]
[Round "8.18"]
[White "Jakubowski, Wojciech"]
[Black "Filewicz, Radoslaw"]
[Result "0-1"]
[LiveChessVersion "1.4.8"]
[BlackElo "1739"]
[WhiteElo "1612"]

1. e4 {[%clk 1:30:58]} c5 {[%clk 1:30:50]} 2. Nf3 {[%clk 1:31:22]} e6
{[%clk 1:31:14]} 3. d4 {[%clk 1:31:47]} cxd4 {[%clk 1:31:39]} 4. Nxd4
{[%clk 1:32:13]} Nf6 5. Nc3 {[%clk 1:32:37]} d6 {[%clk 1:32:03]} 6. Be2
{[%clk 1:32:54]} a6 {[%clk 1:31:34]} 7. a4 {[%clk 1:32:32]} Qc7 {[%clk 1:30:11]}
8. O-O {[%clk 1:32:52]} Be7 {[%clk 1:28:49]} 9. f4 {[%clk 1:32:13]} Nbd7
{[%clk 1:26:08]} 10. Be3 {[%clk 1:31:18]} b6 {[%clk 1:24:25]} 11. Bf3
{[%clk 1:26:59]} Bb7 {[%clk 1:24:18]} 12. Nb3 {[%clk 1:25:24]} O-O
{[%clk 1:22:26]} 13. g4 {[%clk 1:24:24]} Nc5 {[%clk 1:16:46]} 14. Nxc5
{[%clk 1:23:49]} bxc5 {[%clk 1:16:13]} 15. g5 {[%clk 1:19:54]} Nd7
{[%clk 1:15:40]} 16. f5 {[%clk 1:16:24]} Ne5 {[%clk 1:11:51]} 17. Be2
{[%clk 1:16:46]} d5 {[%clk 1:03:42]} 18. f6 {[%clk 1:09:14]} d4 {[%clk 1:03:14]}
19. fxe7 {[%clk 1:09:29]} Qxe7 {[%clk 1:03:37]} 20. Bf4 {[%clk 1:00:56]} dxc3
{[%clk 1:01:07]} 21. Bxe5 {[%clk 1:00:33]} Qxg5+ {[%clk 1:01:32]} 22. Bg3
{[%clk 1:00:57]} cxb2 {[%clk 1:01:41]} 23. Rb1 {[%clk 1:00:09]} Qe3+
{[%clk 0:53:26]} 24. Rf2 {[%clk 0:59:03]} Rad8 {[%clk 0:53:22]} 25. Qf1
{[%clk 0:58:05]} Bxe4 {[%clk 0:51:56]} 26. Rxb2 {[%clk 0:50:31]} f5
{[%clk 0:45:48]} 27. Rb3 {[%clk 0:43:04]} Qd4 {[%clk 0:44:41]} 28. Bc4
{[%clk 0:39:53]} Bxc2 {[%clk 0:33:17]} 29. Bxe6+ {[%clk 0:38:59]} Kh8
{[%clk 0:33:41]} 30. Rbf3 {[%clk 0:30:03]} Be4 {[%clk 0:33:18]} 31. Rxf5
{[%clk 0:30:03]} Bxf5 {[%clk 0:32:55]} 32. Bxf5 {[%clk 0:29:13]} Rxf5
{[%clk 0:32:54]} 33. Qh3 {[%clk 0:28:36]} Qd1+ {[%clk 0:32:32]} 34. Kg2
{[%clk 0:28:51]} Rxf2+ {[%clk 0:32:54]} 35. Bxf2 {[%clk 0:29:15]} Qxa4
{[%clk 0:33:03]} 36. Qe6 {[%clk 0:29:27]} Qd7 {[%clk 0:33:01]} 37. Qe3
{[%clk 0:29:12]} c4 {[%clk 0:33:14]} 0-1